Countries with the Southernmost Northernmost Point by Continent - Statistics

General Stats
  • This quiz has been taken 60 times
  • The average score is 25 of 30
Answer Stats
Continent Latitude Country % Correct
Oceania 34.41 °S New Zealand
96%
Africa 22.20 °S South Africa
96%
South America 21.48 °S Argentina
94%
South America 17.19 °S Chile
93%
Europe 41.43 °N Greece
91%
Asia 06.04 °N Indonesia
91%
Africa 28.34 °S Lesotho
91%
South America 30.05 °S Uruguay
91%
Asia 08.19 °S East Timor
87%
Europe 36.05 °N Malta
87%
North America 09.38 °N Panama
87%
South America 19.17 °S Paraguay
87%
South America 09.40 °S Bolivia
85%
North America 11.13 °N Costa Rica
85%
Africa 25.44 °S Eswatini
85%
Oceania 12.30 °S Fiji
83%
Oceania 15.36 °S Tonga
83%
Africa 17.46 °S Botswana
81%
Europe 42.07 °N Portugal
81%
North America 11.31 °N Trinidad and Tobago
81%
Asia 05.04 °N Brunei
80%
Asia 01.28 °N Singapore
80%
Europe 42.21 °N North Macedonia
78%
Oceania 13.25 °S Samoa
78%
Africa 16.56 °S Namibia
74%
Oceania 13.07 °S Vanuatu
74%
North America 12.31 °N Grenada
72%
North America 13.20 °N Barbados
70%
Europe 41.54 °N Vatican City
67%
Asia 07.07 °N Maldives
63%
No matching quizzes found
Score Distribution
Percent of People with Each Score
Percentile by Number Answered
Your Score History
You have not taken this quiz